000 00981nam a2200205Ia 4500
008 0000002002 sp ad 0000000000spa00
090 _aPSP00 V69b
100 1 _aVozmediano, Elena
245 1 3 _aBellas ilusiones, femenino plural
_b: Arancha Goyeneche
_c/ texto Elena Vozmediano ; fotografías Jorge Fernández Bolado
300 _a[62] p.
_c/ 24 cm.
500 _aExposición realizada en la Sala Luz Norte de Santander, España en marzo de 2002 \ lncluye datos biográficos y cronología artística \ Donación de Carlos Jiménez, 2012
600 0 0 _a GOYENECHE, ARANCHA, 1967/
_xTRABAJOS PICTORICOS \ GOYENECHE, ARANCHA, 1967/
_xTRABAJOS ARTISTICOS
650 1 4 _a PINTURA ESPAÑOLA
650 1 4 _aARTE CONTEMPORANEO ESPAÑOL
650 1 4 _aARTISTAS PLASTICOS ESPAÑOLES
650 1 4 _xCATALOGOS
650 1 4 _xEXPOSICIONES
650 1 4 _aFOTOGRAFIA Y PINTURA
999 _c14202
_d14202
260 _aCantabria : Gobierno de Cantabria, Consejería de Cultura, Turismo y Deporte
_c2002